000 00356nam a22001457a 4500
020 _a9780007132867
040 _c0
082 _a869.342,COE
100 _aCoelho, Paulo
_93636
245 _aThe Dvil & Miss Prym /
_cPaulo Coelho
260 _aHarper Collins
_bUK
_c2000
300 _a201 p
650 _2 Miss Prym-English Literature
942 _2ddc
_cFIC
999 _c595513
_d595513